Popular culture and development: religion, tradition and modernity among the Q'Eqchi' es of Guatemala /

Salvato in:
Dettagli Bibliografici
Autore principale: Siebers, Hans
Natura: testo
Soggetti:
Tags: Aggiungi Tag
Nessun Tag, puoi essere il primo ad aggiungerne!!

MARC

LEADER 00000 a a2200000 04500
001 9138
003
040
100 |a Siebers, Hans  
245 |a Popular culture and development:   |b religion, tradition and modernity among the Q'Eqchi' es of Guatemala /  |c Hans Siebers 
650 |a POBLACION INDIGENA  
650 |a CULTURA POPULAR  
650 |a DESARROLLO POPULAR  
650 |a MODERNIDAD  
650 |a ETNICIDAD  
650 |a RELACIONES DE PODER  
650 |a RELIGION  
650 |a GUATEMALA  
773 |g número 76; páginas 137-158  
999 |c 26875  |d 26875